Statistiken für Länder Asiens

Klicken Sie hier um das Quiz zu spielen!

Allgemein

  • Dieses Quiz wurde 6,182 mal gespielt
  • Das Durchschnittsergebnis liegt bei 42 aus 48

Antwortstatistiken

Country % Korrekt
China
99%
Indien
99%
Japan
98%
Türkei
98%
Irak
97%
Südkorea
97%
Nordkorea
97%
Iran
97%
Mongolei
96%
Saudi-Arabien
95%
Indonesien
95%
Vietnam
94%
Thailand
94%
Israel
93%
Kasachstan
93%
Pakistan
92%
Syrien
92%
Afghanistan
92%
Nepal
91%
Jemen
91%
Sri Lanka
90%
Oman
90%
Philippinen
90%
Vereinigte
Arabische Emirate
89%
Turkmenistan
87%
Usbekistan
87%
Taiwan
86%
Laos
86%
Malaysia
86%
Bangladesch
86%
Georgien
85%
Aserbaidschan
84%
Zypern
84%
Jordanien
84%
Armenien
83%
Myanmar
83%
Kirgisistan
82%
Katar
82%
Kambodscha
81%
Bhutan
80%
Tadschikistan
80%
Libanon
77%
Kuwait
76%
Singapur
74%
Malediven
67%
Bahrain
66%
Brunei
65%
Timor-Leste
63%

Verteilung der Resultate

Perzentil nach korrekt beantworteten Fragen

Anzahl Personen mit jedem Resultat

Ihre Resultats-Entwicklung

Sie haben dieses Quiz noch nicht gespielt